| 000 | 02659nam a22002657a 4500 | ||
|---|---|---|---|
| 008 | 250217b |||||||| |||| 00| 0 eng d | ||
| 020 | _a9788417694272 | ||
| 040 | _ctbs | ||
| 041 | _aspa | ||
| 041 | _heng | ||
| 050 |
_aBF575.H27 _bL98 2008 |
||
| 100 |
_aLyubomirsky, Sonja _924749 _eauthor |
||
| 240 |
_aThe how of happiness. _lSpanish. |
||
| 245 |
_aLa ciencia de la felicidad _b: un método probado para conseguir el bienestar _c/ Sonja Lyubomirsky ; translated by Alejandra Devoto Carnicero. |
||
| 250 | _aFourth edition. | ||
| 260 |
_aMadrid : _bEdiciones Urano, _c2008. |
||
| 300 |
_a405 pages ; _billustrations, charts (black and white) ; _c23 cm. |
||
| 520 | _aUn método probado para conseguir una vida plena y feliz. Con La ciencia de la felicidad, la investigadora y profesora de psicología Sonja Lyubomirsky presenta el primer programa para incrementar la felicidad de las personas basado en investigaciones científicas. Sus estudios demuestran que, pese a lo que solemos pensar, la felicidad personal no depende de factores como el dinero, el trabajo, la pareja o la juventud. En realidad, sólo un diez por ciento en términos de felicidad se apoya en circunstancias externas. La capacidad para la felicidad es innata en un cincuenta por ciento, pero el cuarenta por ciento restante se atribuye a lo que hacemos y a lo que pensamos; esto es, a nuestras actividades intencionadas y a nuestras estrategias mentales. Por eso, todos y cada uno de nosotros poseemos aún un amplio potencial para la dicha y el bienestar al que podemos acceder si ponemos en práctica los ejercicios y las estrategias propuestos en este libro. | ||
| 520 | _aA Proven Method for Achieving a Fulfilling and Happy Life. In The How of Happiness, researcher and psychology professor Sonja Lyubomirsky presents the first scientifically-backed program designed to increase personal happiness. Her studies reveal that, contrary to common belief, happiness does not depend on factors like money, work, relationships, or youth. In fact, only 10% of our happiness is influenced by external circumstances. While 50% of our happiness is determined by innate genetic factors, the remaining 40% is shaped by our actions and thoughts—that is, our intentional activities and mental strategies. This means that each of us still holds a vast potential for joy and well-being, which we can unlock by practicing the exercises and strategies outlined in this book. | ||
| 650 | 0 |
_aHappiness _99380 |
|
| 650 | 0 |
_aAttitude (Psychology) _911002 |
|
| 650 | 0 |
_aSelf-actualization (Psychology) _97023 |
|
| 700 |
_aDevoto Carnicero, Alejandra _924750 _etranslator |
||
| 942 | _2lcc | ||
| 999 |
_c4499 _d4499 |
||